00262nam a2200097Ia 4500008004100000100001800041245004300059260004500102300000900147650000800156191201s2012 xx 000 0 und d aMAHESHWARI,SN 0aText book of accounting for management aNew DelhibVikas Publication Housec2012 amisc aBBA